| 000 -LEADER |
| fixed length control field |
00650cam a22002174i 4500 |
| 020 ## - INTERNATIONAL STANDARD BOOK NUMBER |
| ISBN |
9781625271754 |
| 040 ## - CATALOGING SOURCE |
| Transcribing agency |
DLC |
| 082 00 - DEWEY DECIMAL CLASSIFICATION NUMBER |
| Classification number |
174 HAR 2014 A116 Or. |
| 100 1# - MAIN ENTRY--AUTHOR NAME |
| Personal name |
Mackey, John, |
| 245 10 - TITLE STATEMENT |
| Title |
Conscious capitalism : |
| Remainder of title |
liberating the heroic spirit of business / |
| 250 ## - EDITION STATEMENT |
| Edition statement |
Paperback [edition]. |
| 300 ## - PHYSICAL DESCRIPTION |
| Number of Pages |
xviii, 344 pages ; |
| Dimensions |
21 cm. |
| 500 ## - GENERAL NOTE |
| General note |
"The bestselling book, now with a new preface by the authors"--Cover. |
| 650 #0 - SUBJECT ADDED ENTRY--TOPICAL TERM |
| Topical Term |
Social responsibility of business. |
| 650 #0 - SUBJECT ADDED ENTRY--TOPICAL TERM |
| Topical Term |
Business ethics. |
| 650 #0 - SUBJECT ADDED ENTRY--TOPICAL TERM |
| Topical Term |
Capitalism |
| 650 #0 - SUBJECT ADDED ENTRY--TOPICAL TERM |
| Topical Term |
Corporations |
| 650 #0 - SUBJECT ADDED ENTRY--TOPICAL TERM |
| Topical Term |
Social values. |
| 700 1# - ADDED ENTRY--PERSONAL NAME |
| Personal name |
Sisodia, Rajendra. |
| 942 ## - ADDED ENTRY ELEMENTS (KOHA) |
| Koha item type |
ADB |
| 952 ## - LOCATION AND ITEM INFORMATION (KOHA) |
| Withdrawn status [LOCAL, KOHA] |
0 |
| 952 ## - LOCATION AND ITEM INFORMATION (KOHA) |
| Withdrawn status [LOCAL, KOHA] |
0 |